Carpeta de documentos. Construcciones de consensos y fortalecimiento de la negociación en Centroamérica /
El documento contiene las actividades realizadas en el seminario "Constructores de consensos y fortalecimiento de la negociación en Centroamérica". Dicho tema tiene como objetivo que lideres y oficiales superiores vinculados a organizaciones de los actores económicos de la sociedad civil c...
সংরক্ষণ করুন:
| সংস্থা লেখক: | |
|---|---|
| বিন্যাস: | পাঠ্য |
| ভাষা: | Spanish |
| প্রকাশিত: |
San José, Costa Rica:
Universidad para la Paz de las Naciones Unidas,
1997
|
| বিষয়গুলি: | |
| ট্যাগগুলো: |
ট্যাগ যুক্ত করুন
কোনো ট্যাগ নেই, প্রথমজন হিসাবে ট্যাগ করুন!
|
MARC
| LEADER | 00000 a a2200000 04500 | ||
|---|---|---|---|
| 001 | 14720 | ||
| 003 | cru CIDCACS/IIS | ||
| 005 | 20230613140150.0 | ||
| 008 | 230313b1997 cr ||||| |||| 00| 0 spa d | ||
| 040 | |c cru IIS |d cru IIS | ||
| 090 | |a 01.02.02 C756c | ||
| 110 | |a Universidad para la Paz de las Naciones Unidas | ||
| 245 | |a Carpeta de documentos. |b Construcciones de consensos y fortalecimiento de la negociación en Centroamérica / |c Universidad para la Paz de las Naciones Unidas | ||
| 260 | |a San José, Costa Rica: |b Universidad para la Paz de las Naciones Unidas, |c 1997 | ||
| 300 | |a 167 páginas | ||
| 500 | |a Fotocopias | ||
| 520 | |a El documento contiene las actividades realizadas en el seminario "Constructores de consensos y fortalecimiento de la negociación en Centroamérica". Dicho tema tiene como objetivo que lideres y oficiales superiores vinculados a organizaciones de los actores económicos de la sociedad civil centroamericana con capacidad para transmitir y poner en practica el tema de la construcción de consensos y de la solución pacífica de conflictos con énfasis en la negociación | ||
| 650 | 0 | |9 949 |a CONSENSO | |
| 650 | 0 | |9 1008 |a NEGOCIACION | |
| 650 | 0 | |9 83 |a DEMOCRACIA | |
| 650 | 4 | |9 1849 |a DEMOCRATIZACION | |
| 651 | 0 | |9 308 |a CENTROAMERICA | |
| 942 | |2 ddc |c LITG | ||
| 999 | |c 8361 |d 8361 | ||
